ਤਾਰਿਆਂ ਦੇ ਹੰਝੂ / (Record no. 98135)

MARC details
000 -LEADER
fixed length control field 00533nam a22001937a 4500
005 - DATE AND TIME OF LATEST TRANSACTION
control field 20151109123018.0
010 ## - LCCN (DPL NO)
LC control number PUN-7802
020 ## - INTERNATIONAL STANDARD BOOK NUMBER
Terms of availability 150.00
035 ## - SYSTEM CONTROL NUMBER
System control number PN-6920
037 ## - SOURCE OF ACQUISITION
Stock number unistar books
082 ## - DEWEY DECIMAL CLASSIFICATION NUMBER
Classification number 851
100 ## - MAIN ENTRY--PERSONAL NAME
Personal name ਅਵਸਥੀ,ਆਰ ਦੀਪ
245 ## - TITLE STATEMENT
Title ਤਾਰਿਆਂ ਦੇ ਹੰਝੂ /
246 ## - VARYING FORM OF TITLE
Title proper/short title taarian de hanjhu
Remainder of title by R.deep awasthi
250 ## - EDITION STATEMENT
Edition statement 2012
260 ## - PUBLICATION, DISTRIBUTION, ETC. (IMPRINT)
Place of publication, distribution, etc Chandigarh
Name of publisher, distributor, etc Unistar Books
300 ## - PHYSICAL DESCRIPTION
Extent Pg.104
Other physical details 22cmਸਜਿਲਦ
942 ## - ADDED ENTRY ELEMENTS (KOHA)
Source of classification or shelving scheme Dewey Decimal Classification
Item type Punjabi Bks
Classification part 851
Call number prefix ਅਵਸ
Holdings
Withdrawn status Lost status Not for loan Collection code Home library Current library Date acquired Source of acquisition Cost, normal purchase price Full call number Barcode Copy number Cost, replacement price Koha item type
      Fiction D.B.Act.Division D.B.Act.Division 09/11/2015 DBAD 150.00 851 PN-6920 1 150.00 Punjabi Bks

© Delhi Public Library
Hit Counter
free hit counter